000 00672nam a2200181Ia 4500
008 151202s9999||||xx |||||||||||||| ||und||
082 _bPNVM-43081
100 _aघाणेकर मुसूदन.
245 _aतुमचा हात तुम्हीच पहा.
260 _b"इंद्रायणी साहित्य,पुणे."
260 _c1999
300 _a63
600 _aघाणेकर मुसूदन.
630 _aतुमचा हात तुम्हीच पहा.
700 _aघाणेकर मुसूदन.
730 _aतुमचा हात तुम्हीच पहा.
942 _cBOOK
999 _c1309033
_d1309030